| 000 | 00000cam 2200000zi 4500 |
| 001 | 9.963113 |
| 003 | CaOODSP |
| 005 | 20260527110548 |
| 006 | m o d f |
| 007 | cr |n||||||||| |
| 008 | 260527e202605##onc ob f|0| 0 eng d |
| 040 | |aCaOODSP|beng|erda|cCaOODSP |
| 043 | |an-cn--- |
| 086 | 1 |aXC12-1/1-451-4E-PDF |
| 110 | 1 |aCanada. |bParliament. |bHouse of Commons. |bStanding Committee on Agriculture and Agri-Food, |eauthor, |eissuing body. |
| 245 | 10|aScience in Canadian agriculture and the closure of research centres / |cMichael Coteau, chair. |
| 264 | 1|a[Ottawa] : |bHouse of Commons, Canada = Chambre des communes, Canada, |cMay 2026. |
| 300 | |a1 online resource (viii, 39 pages). |
| 336 | |atext|btxt|2rdacontent |
| 337 | |acomputer|bc|2rdamedia |
| 338 | |aonline resource|bcr|2rdacarrier |
| 490 | 1 |aReport of the Standing Committee on Agriculture and Agri-Food ; |v4th report, 45th Parliament, 1st Session |
| 500 | |aIssued also in French under title: Science dans l'agriculture canadienne et la fermeture de centres de recherche. |
| 500 | |aOriginal published on: 2026/05/06. Published on: 2026/05/26. |
| 504 | |aIncludes bibliographical references. |
| 650 | 0|aAgricultural experiment stations|zCanada. |
| 650 | 0|aAgriculture|xResearch|zCanada. |
| 700 | 1 |aCoteau, Michael, |d1972- |
| 775 | 08|tScience dans l'agriculture canadienne et la fermeture de centres de recherche / |w(CaOODSP)9.963116 |
| 830 | #0|aReport of the Standing Committee on Agriculture and Agri-Food ;|v4th report, 45th Parliament, 1st Session.|w(CaOODSP)9.507031 |
| 856 | 40|qPDF|s3.30 MB|uhttps://publications.gc.ca/collections/collection_2026/parl/xc12-1/XC12-1-1-451-4-eng.pdf |
| 856 | 4 |qHTML|sN/A|uhttps://www.ourcommons.ca/documentviewer/en/45-1/AGRI/report-4 |